Sports Quiz

Random Sports or NFL Quiz

1st Score: SB XLVI-LI Quiz Stats

Quiz not verified by Sporcle

Challenge
Share
Tweet
Embed
Score 0/6 Timer 01:00
0 Plays Today
Question Answer Wrong Answers
Super Bowl XLVIII First Score:2 Seattle Seahawks
93.1%
Denver Broncos
5.6%
Super Bowl LI First Score:7 Atlanta Falcons
87.5%
New England Patriots
11.1%
Super Bowl XLVII First Score:7 Baltimore Ravens
83.3%
San Francisco 49ers
16.7%
Super Bowl 50 First Score:3 Denver Broncos
80.6%
Carolina Panthers
18.1%
Super Bowl XLVI First Score:2 New York Giants
79.2%
New England Patriots
20.8%
Super Bowl XLIX First Score:7 New England Patriots
63.9%
Seattle Seahawks
34.7%

You're not logged in!

Compare scores with friends on all Sporcle quizzes.
Sign Up with Email
OR
Log In

You Might Also Like...

Show Comments

Extras

Top Quizzes Today


Score Distribution

Your Account Isn't Verified!

In order to create a playlist on Sporcle, you need to verify the email address you used during registration. Go to your Sporcle Settings to finish the process.